| 000 | 00531nam a22001817a 4500 | ||
|---|---|---|---|
| 003 | OSt | ||
| 005 | 20260423085212.0 | ||
| 008 | 250615b |||||||| |||| 00| 0 eng d | ||
| 020 | _a9780786868445 | ||
| 040 | _cOUTSPAN GLOBAL UNIVERSITY | ||
| 050 |
_aQ172 _b.5.S77 2003 |
||
| 100 |
_dStrogatz Steven _eAuthor |
||
| 245 |
_aSync _bThe Emerging Science of Spontaneous Order _cby Steven H. Strogatz |
||
| 250 | _a1st | ||
| 260 |
_aNew York; _bGrand Central Publishing, _cc2003. |
||
| 650 | _2Universal phenomenon | ||
| 942 |
_2lcc _cBK _n0 |
||
| 999 |
_c1074 _d1074 |
||